Tomato production in off season on the farmers field kien svay district kandal province, (ផលិតកម្មដំណាំប៉េងប៉ោះខុសរដូវ លើចំការកសិករ​ក្នុងល្ខខ័ណ្ឌ ស្រុកកៀនស្វាយ ខេត្តកណ្ដាល) (Record no. 1438)

000 -LEADER
fixed length control field 00683nam a22001577a 4500
003 - CONTROL NUMBER IDENTIFIER
control field OSt
005 - DATE AND TIME OF LATEST TRANSACTION
control field 20150928182814.0
008 - FIXED-LENGTH DATA ELEMENTS--GENERAL INFORMATION
fixed length control field 150928b xxu||||| |||| 00| 0 eng d
040 ## - CATALOGING SOURCE
Transcribing agency RUA
082 ## - DEWEY DECIMAL CLASSIFICATION NUMBER
Classification number AGR OUE B059 Or.1
100 ## - MAIN ENTRY--PERSONAL NAME
9 (RLIN) 1528
Personal name OUEN NIN
245 ## - TITLE STATEMENT
Title Tomato production in off season on the farmers field kien svay district kandal province, (ផលិតកម្មដំណាំប៉េងប៉ោះខុសរដូវ លើចំការកសិករ​ក្នុងល្ខខ័ណ្ឌ ស្រុកកៀនស្វាយ ខេត្តកណ្ដាល)
260 ## - PUBLICATION, DISTRIBUTION, ETC. (IMPRINT)
Place of publication, distribution, etc. phnom penh
Name of publisher, distributor, etc. RUA
Date of publication, distribution, etc. 2003
300 ## - PHYSICAL DESCRIPTION
Extent 58p.
Other physical details ill.
Dimensions 29cm.
942 ## - ADDED ENTRY ELEMENTS (KOHA)
Source of classification or shelving scheme
Koha item type AGR
Holdings
Price effective from Date last seen Permanent Location Not for loan Date acquired Source of classification or shelving scheme Koha item type Lost status Withdrawn status Date last checked out Total Checkouts Shelving location Damaged status Barcode Current Location Full call number
2015-09-282015-09-28Library Block B 2015-09-28 AGR    B059 RUA004461Library Block BAGR OUE B059 Or.1
2015-09-282017-10-16Library Block B 2015-09-28 AGR  2017-10-091B059 RUA019607Library Block BAGR OUE B059 Or.2
2015-09-282015-09-28Library Block B 2015-09-28 AGR    B059 RUA004317Library Block BAGR OUE B059 Or.3
2015-09-282015-09-28Library Block B 2015-09-28 AGR    B059 RUA005028Library Block BAGR OUE B059 Or.4
មជ្ឈមណ្ឌលឯការនៃសាកលវិទ្យាល័យភូមិន្ទកសិកម្មចំការដូង

Powered by Koha